| 000 | 004470000a22001570004500 | ||
|---|---|---|---|
| 003 | MACL | ||
| 005 | 20191117131133.0 | ||
| 008 | 191117b xxu||||| |||| 00| 0 eng d | ||
| 040 | _cmacl | ||
| 082 | _a741.642 | ||
| 100 |
_aभूतलिंगम , मधुरम _977163 |
||
| 245 | _aबाल रामायण | ||
| 260 | _aप्रकाशन विभाग | ||
| 650 |
_aबालकक्ष _970490 |
||
| 942 |
_cHIN _k741.642 _2ddc |
||
| 999 |
_c27389 _d27389 |
||